[Stefan Kühl: Ordinary Organizations]

Titel: [Stefan Kühl: Ordinary Organizations] / Timothy L. Schroer
Verfasser:
In: Journal of social history, Band 52, Heft 3 (2019), Seite 983-984
alle Artikel anzeigen
Veröffentlicht: 2019
Format: Aufsatz
Sprache: Englisch
Schlagworte:
Kein Bild verfügbar
X
alg: 53000956
001A    $03025:20-05-25 
001B    $01999:20-05-25 $t23:23:23.000 
001D    $03025:20-05-25 
001U    $0utf8 
001X    $00 
002@    $0Oou 
002C    $aText $btxt $2rdacontent 
002D    $aComputermedien $bc $2rdamedia 
002E    $aOnline-Ressource $bcr $2rdacarrier 
003@    $0530009560 
007A    $0530009560 $aHEB 
009Q    $uhttps://doi.org/10.1093/jsh/shx058 $xVolltext 
010@    $aeng 
010E    $erda 
011@    $a2019 
013D    $#Newspapers Sections, columns, etc. Reviews $#Book reviewing $#Journaux Cahiers, chroniques, etc. Comptes rendus $#Livres Recension $#Rezension $#Rezension $#Buchbesprechung $#Buchrezension $#Buchkritik $74049712-4 $8Rezension [Ts1] $9085138568 
021A    $a[Stefan Kühl: Ordinary Organizations] $hTimothy L. Schroer 
028A    $BVerfasser $4aut $7136139779 $8Schroer, Timothy L.$Z1966- [Tp3] $9203523725 
031A    $d52 $e3 $h983-984 $j2019 
039B    $aEnthalten in $8--Obvc--. Journal of social history. - Oxford : Oxford University Press, 1967-. - Online-Ressource. - ISSN 1527-1897 $x201900000520003017 $9092463754 
039T    $aRezension von $8--Aau--Kühl, Stefan$Z1966- [Tp1]. Ordinary organizations. - Cambridge, UK : Polity, [2016]. - vi, 322 Seiten. - ISBN 978-1-5095-0290-5 $9401254240 
045G    $a909.049240943709044 $eDDC23BSB 
045G/01 $a909.04924 
045G/03 $f09044 
045G/03 $g437 
045G/03 $g438 
045G/03 $g43 
045T    $aROM $qDE-5 $2FID 
045T    $aROM $qDE-18 $2FID 

lok: 53000956 78

exp: 53000956 78 1 #EPN
201B/01 $020-05-25 $t10:51:37.000 
201C/01 $020-05-25 
201U/01 $0utf8 
203@/01 $01304677451 
208@/01 $a20-05-25 $be 
209A/01 $a/ $f000 $x00 
209A/01 $ab*p $x01 
220C/01 $apgar 
244Z/01 $#Generalgouvernement Polen $#Polska $#Rzeczpospolita Polska $#Polska Rzeczpospolita Ludowa $#Poland $#Pologne $#République Polonaise $#Generalne Gubernatorstwo w Polsce $#Polish People's Republic $#Polska Rzeczpospolita Polen $#PRL $#RP $#Polen Generalgouvernement $#Polska Generalgouvernement $#Besetzte Polnische Gebiete $#Besetztes Gebiet in Polen $#Okupowane Polskie Obszary $#Obszary Okupowane w Polsce $#Volksrepublik Polen $#Polska Rosyjska $#Republic Polen $#Respublika Pol'ša $#Pol'skaja Narodnaja Respublika $#République de Pologne $#Polen Links der Weichsel $#Polska po Lewej Stronie Wisły $#Lenkija $#Polija $#Gubernija Carstva Pol'skago $#Republik Polen $74046496-9 $8--Tg1--Polen $x01 $9085129801 
247C/01 $82080>Marburg/Lahn, Herder-Institut, Forschungsbibliothek, Bibliographieportal $9336309341
LEADER 00000caa a2200000 c 4500
001 530009560
003 DE-603
005 20250520232323.0
007 cr||||||||||||
008 250520s2019 xx |||| o| u00||u|eng c
035 |a (DE-599)HEB530009560 
040 |a DE-603  |b ger  |c DE-603  |d DE-603  |e rda 
041 |a eng 
083 0 |8 1\u  |a 909.049240943709044  |q DE-101  |2 23/BSB 
084 |a ROM  |q DE-5  |2 fid 
084 |a ROM  |q DE-18  |2 fid 
085 |8 1\u  |b 909.04924 
085 |8 1\u  |z 1  |s 09044 
085 |8 1\u  |z 2  |s 437 
085 |8 1\u  |z 2  |s 438 
085 |8 1\u  |z 2  |s 43 
100 1 |a Schroer, Timothy L.  |d 1966-  |e Verfasser  |4 aut  |0 (DE-603)203523725  |0 (DE-588)136139779  |2 gnd 
245 0 0 |a [Stefan Kühl: Ordinary Organizations]  |c Timothy L. Schroer 
264 0 |c 2019 
336 |a Text  |b txt  |2 rdacontent 
337 |a Computermedien  |b c  |2 rdamedia 
338 |a Online-Ressource  |b cr  |2 rdacarrier 
655 7 |a Rezension  |2 gnd-content  |0 (DE-588)4049712-4  |0 (DE-603)085138568 
773 0 8 |i Enthalten in  |t Journal of social history  |d Oxford : Oxford University Press, 1967-  |h Online-Ressource  |x 1527-1897  |g Band 52, Heft 3 (2019), Seite 983-984  |w (DE-603)092463754  |w (DE-600)2007084-6 
787 0 8 |i Rezension von  |a Kühl, Stefan, 1966-  |t Ordinary organizations  |d Cambridge, UK : Polity, [2016]  |h vi, 322 Seiten, 23 cm  |z 9781509502905  |z 1509502904  |z 9781509502899  |z 1509502890  |w (DE-603)401254240 
856 |u https://doi.org/10.1093/jsh/shx058 
924 1 |9 2080  |a (DE-603)1304677451  |b DE-2080  |c HES  |d d  |g /